000 01204nam a2200229 a 4500
001 000047759
005 20201002060724.0
008 180417s2018 dr abc 000 0 spa d
020 _a9789945125573
040 _aDO-SdBNP
_bspa
_cBNPHU
082 _axxxx
_bxxxx
100 1 _aMuñoz, Yocasta Milagros
_975359
245 1 0 _aCiencias sociales 6 :
_bsecundaria /
_cYocasta Milagros Muñoz ; dirección Milagros del Pilar Rubio Muñoz ; ilustraciones Julio C. Martínez.
260 _aSanto Domingo :
_bSusaeta,
_c2018.
300 _a240 p. :
_bil., mapas retrs. ;
_c29 cm.
500 _aEnfoque por competencias nuevo currículo
504 _aBibliografía : p. 240
505 0 _aDictadura, democracia e intervención, camino hacia la Cuarta República --
_tDictadura constitucional y la apertura democrática --
_tLa población dominicana: características, crecimiento, migración y los sectores económicos --
_tLa economía dominicana en el mundo actual --
_tLa construcción de la identidad nacional y el penmiento dominicano --
_tEducación ciudadana.
590 _aInventariado, 2018/LP
700 1 _aRubio Muñoz, Milagros del Pilar,
_edirección
_974969
700 1 _aMartínez, Julio C.,
_eil.
_975360
999 _c47247
_d47247